000 00967nam a22003017a 4500
001 02010045712
003 DO-SdBNP
005 20180212103425.0
007 02010045712
008 161213b 1992 sp a ||||| |||| 00| 0 spa d
020 _a8423626482
040 _aBPMSU
_bspa
_cBPMSU
082 _axxxx
_bxxxx
100 1 _aJungman, Ann
240 1 _aBroomstick services.
_lEspañol
245 1 0 _aEscobas voladoras :
_b servicio a domicilio /
_cAnn Jungman ; traductora, Herminia Dauer ; ilustraciones interiores y cubierta, Jean Baylis.
260 _aBarcelona :
_bEdebé,
_c1992.
300 _a75 p. :
_bil. ;
_c17 cm.
490 1 _aTucán
_v14
500 _aIncluye datos de la autora.
500 _aTraducción de: Broomstick services
700 1 2 _aDauer, Herminia,
_etr.
700 1 2 _aBaylis, Jean,
_eil.
830 0 _aTucán ;
_v14
942 _2ddc
_cBK
945 _aInventariado, 2018/ YL
956 _2LOPEREZ
_310
_620161213
_8BPMSU
_a00041
999 _c12401
_d12401